[Event "Muensterland Verbandsliga Gr1 2223"]
[Site "Germany"]
[Date "2022.09.10"]
[Round "1.1"]
[White "Gerighausen, Karl Heinz"]
[Black "Tukmans, Maigonis"]
[Result "1/2-1/2"]
[WhiteElo "1699"]
[BlackElo "1951"]
[PlyCount "155"]
[EventDate "2022.09.10"]
[EventType "team-tourn"]
[EventRounds "5"]
[EventCountry "GER"]
[SourceTitle "EXT 2024"]
[Source "ChessBase"]
[SourceDate "2023.10.10"]
[SourceVersion "1"]
[SourceVersionDate "2023.10.10"]
[SourceQuality "1"]
[WhiteTeam "Emsdetten Rochade II"]
[BlackTeam "Rheine Klein Berlin II"]
[WhiteTeamCountry "GER"]
[BlackTeamCountry "GER"]

1. d4 Nf6 2. Bf4 d5 3. e3 c5 4. c3 Qb6 5. Qb3 c4 6. Qxb6 axb6 7. Nd2 Nh5 8. Bxb8 Rxb8 9. e4 e6 10. g3 Bd7 11. Be2 Nf6 12. e5 Ng8 13. f4 Ne7 14. Ngf3 h5 15. Kf2 Nc6 16. Nf1 Be7 17. Ne3 Bd8 18. h4 Ne7 19. Bd1 Ra8 20. a3 Ba4 21. Bxa4+ Rxa4 22. Ne1 Ra8 23. N1c2 Rh6 24. Nb4 Kd7 25. Raf1 Nc6 26. Nxc6 bxc6 27. Ke2 Be7 28. Nc2 Rf8 29. Kd2 Bd8 30. Re1 Rg6 31. Re3 Rh6 32. Ree1 Be7 33. Rhf1 c5 34. Rf3 g6 35. Rff1 Ra8 36. Rh1 Rhh8 37. Ra1 Ra4 38. Rhf1 Kc6 39. Rh1 Rha8 40. Rhf1 R4a7 41. Rf3 Kb5 42. Rh1 Ka4 43. Kc1 Ra5 44. Re1 Kb3 45. Kb1 Rb5 46. Na1+ Ka4 47. Nc2 Rba5 48. Re2 R5a7 49. Re1 Kb5 50. Kc1 Kc6 51. Kd2 Ra5 52. Rff1 Rb5 53. Rb1 Raa5 54. Rfe1 Kd7 55. Rf1 Ra8 56. Rfe1 Rg8 57. Rf1 Bd8 58. Ke2 f6 59. exf6 Bxf6 60. Rfd1 Ra8 61. Ke3 Re8 62. Rf1 Rb3 63. Rfd1 Kc6 64. Ke2 Rb5 65. Ke3 Kd6 66. Rf1 Ra5 67. Rbd1 Re7 68. Rfe1 Ra8 69. Kf3 Rf8 70. Ke3 cxd4+ 71. cxd4 Rc7 72. Kd2 Rfc8 73. Kc3 Rc5 74. Re3 Rb5 75. Nb4 Ra5 76. Rde1 Re8 77. R1e2 Ra7 78. Re1 1/2-1/2

[Event "Steinfurt Bezirksliga 1617"]
[Site "Germany"]
[Date "2017.03.25"]
[Round "8.8"]
[White "Roewekamp, Helmut"]
[Black "Gerighausen, Karl Heinz"]
[Result "1/2-1/2"]
[WhiteElo "1627"]
[BlackElo "1740"]
[PlyCount "80"]
[EventDate "2016.09.24"]
[EventType "team"]
[EventRounds "9"]
[EventCountry "GER"]
[SourceTitle "EXT 2018"]
[Source "ChessBase"]
[SourceDate "2017.10.13"]
[SourceVersion "1"]
[SourceVersionDate "2017.10.13"]
[SourceQuality "1"]
[WhiteTeam "Reckenfeld"]
[BlackTeam "Emsdetten Rochade III"]
[WhiteTeamCountry "GER"]
[BlackTeamCountry "GER"]

1. e4 c5 2. Nf3 g6 3. Bc4 Nc6 4. c3 Bg7 5. d3 e6 6. Be3 b6 7. 0-0 Nge7 8. Qc1 0-0 9. Bh6 d5 10. Bxg7 Kxg7 11. Bb5 Bb7 12. Re1 Qc7 13. Nbd2 Rfd8 14. Nf1 dxe4 15. dxe4 a6 16. Ba4 b5 17. Bc2 c4 18. Ng3 Ne5 19. Nxe5 Qxe5 20. Qe3 Rac8 21. Rad1 Qc7 22. Qg5 Ng8 23. e5 Kh8 24. Rxd8 Rxd8 25. Ne4 h6 26. Qf4 Bxe4 27. Bxe4 Qd7 28. Kf1 Kg7 29. Ke2 Ne7 30. Bc2 Nd5 31. Qc1 Qe7 32. g3 Qg5 33. Kf1 Qxc1 34. Rxc1 h5 35. Ke2 Kf8 36. f4 Ke7 37. Kf3 Rh8 38. h3 a5 39. Be4 Rd8 40. a3 Rb8 1/2-1/2

[Event "Steinfurt Bezirksliga 1617"]
[Site "Germany"]
[Date "2017.02.11"]
[Round "6.8"]
[White "Beeger, Kai"]
[Black "Gerighausen, Karl Heinz"]
[Result "0-1"]
[WhiteElo "1144"]
[BlackElo "1740"]
[PlyCount "70"]
[EventDate "2016.09.24"]
[EventType "team"]
[EventRounds "9"]
[EventCountry "GER"]
[SourceTitle "EXT 2018"]
[Source "ChessBase"]
[SourceDate "2017.10.13"]
[SourceVersion "1"]
[SourceVersionDate "2017.10.13"]
[SourceQuality "1"]
[WhiteTeam "Westerkappeln"]
[BlackTeam "Emsdetten Rochade III"]
[WhiteTeamCountry "GER"]
[BlackTeamCountry "GER"]

1. Nf3 c5 2. g3 g6 3. Bg2 Bg7 4. e4 Nc6 5. c3 d5 6. Qe2 dxe4 7. Qxe4 Nf6 8. Qe2 Bg4 9. Qb5 Qb6 10. c4 0-0 11. Nc3 Bxf3 12. Qxb6 Bxg2 13. Qxc5 Bxh1 14. d3 Rad8 15. Bg5 b6 16. Qe3 Nb4 17. 0-0-0 Ba8 18. a3 Nc6 19. d4 e6 20. h3 Rd7 21. Ne4 Nxe4 22. Qxe4 Nxd4 23. Qe3 e5 24. f4 f6 25. fxe5 Nf5 26. Qb3 Rxd1+ 27. Qxd1 fxg5 28. e6 Nd4 29. Qg4 Bf6 30. e7 Re8 31. Qd7 Bc6 32. Qd6 Kf7 33. h4 gxh4 34. gxh4 Rxe7 35. Qf4 Ne2+ 0-1